00467nam a2200193 a 4500001001300000003000900013005001700022008004100039020000900080082002200089100001500111245003500126260002500161300000900186500003500195505001000230650001800240700001500258nice12345678IN_TiNIC20260116012132.0050524s0000 dela grp 000 0 eng  ac5000a323.39710954bKAU aKaura, Uma aMuslims and Indian Nationalism aDelhibManoharc0000 a223p aincludes index and biblioraphy2 aIndex aMuslims-India1 aKaura, Uma